Geoguessr Training #1 - Bollards - Statistics

General Stats
  • This quiz has been taken 1,044 times
  • The average score is 11 of 30
Answer Stats
Picture Answer % Correct
Germany
72%
France
60%
Australia
52%
Japan
52%
United Kingdom
51%
Poland
50%
Austria
46%
Estonia
43%
New Zealand
43%
Czech Republic
42%
Italy
40%
Lithuania
40%
Turkey
39%
Mexico
35%
Slovenia
35%
Finland
33%
Hungary
33%
Serbia
33%
Greece
32%
Brazil
30%
Indonesia
27%
Netherlands
27%
Argentina
26%
Malaysia
26%
Cambodia
24%
Luxembourg
24%
Chile
23%
South Africa
22%
Colombia
17%
North Macedonia
15%
No matching quizzes found
Score Distribution
Percent of People with Each Score
Percentile by Number Answered
Your Score History
You have not taken this quiz